El poema del Mío Cid

Uloženo v:
Podrobná bibliografie
Hlavní autor: Anónimo
Médium: Kniha
Jazyk:Undetermined
Vydáno: Argentina EDUCA 1978
Témata:
Tagy: Přidat tag
Žádné tagy, Buďte první, kdo vytvoří štítek k tomuto záznamu!

MARC

LEADER 00000nam a2200000Ia 4500
008 170316s9999 xx 000 0 und d
040 |a cru BVZT 
090 |a 862 A-28po 
100 |a Anónimo 
245 |a El poema del Mío Cid  |c Introducción y notas de Rafael Dente. 
260 |a Argentina 
260 |b EDUCA 
260 |c 1978 
300 |a 288 páginas 
650 |a LITERATURA ESPAÑOLA 
650 |a POEMA 
999 |c 9418  |d 9418 
942 |c 15 D  |h 862 A-28po  |2 z